00360nam a2200145Ia 4500003000400000005001700004008004100021040000700062041000800069082002100077100002600098245004200124260004000166365000800206OSt20230628094835.0210423s9999 xx 000 0 und d cAL aeng a362.1 223bKHAV aKHANNA (Renu);others. aVoluntary effort in community health. bSEWA Rural JhagadiaaLinkedInc2002 cINR